| 000 | 00973nam a2200265 c 4500 | ||
|---|---|---|---|
| 003 | BLK | ||
| 005 | 20180420225548.0 | ||
| 008 | 180408b bul|||||r ||||||| ||bul|| | ||
| 010 | _aKNG00099089000 | ||
| 040 | _aBLK | ||
| 041 |
_aRUS _cRUS |
||
| 080 |
_aЖивопис - Портрети _b75.041.5 _x(44) _z75.041.5(44) |
||
| 100 | 1 |
_aКалитина, Нина Николаевна _eпърви автор _975311 |
|
| 139 |
_aКалитина, Нина Николаевна _bК 16 |
||
| 245 | 1 | 0 |
_aФранцузский портрет ХІХ века _cНина Николаевна Калитина. |
| 257 | _aSUN | ||
| 260 |
_аЛенинград _bИскусство _c1985 |
||
| 300 |
_a280 с _bс ил. _c27 см |
||
| 380 | _a7 | ||
| 852 | _aЦб ІІ 3271 | ||
| 856 | 4 |
_qpdf _u |
|
| 856 | 4 |
_qpdf _u |
|
| 942 |
_cKNG _n0 |
||
| 944 |
_aCR _c21.01.2011 _lдобави в АБ / 20.01.2011 _kНаталия_Любомирова |
||
| 944 |
_aED _c21.01.2011 _lдобави в АБ / 20.01.2011 _k |
||
| 999 |
_c94271 _d94271 |
||